000 00410nam a2200181Ia 4500
001 10542
005 20260306161840.0
008 260306t1997||||xx |||||||||||||| ||spa||
041 _aESP
082 _a940.21
_bB94
100 _aBurke, Peter
_eAUT
245 4 _aThe Renaissance
260 _c1997
300 _avii, 77 páginas :
_c22 cm.
650 _aGEN
654 _aCHU
942 _cLIB
_dJUS
_fJUS
_2ddc
_n
999 _c10542
_d10542